Alexandria
| Autor Corporativo: | |
|---|---|
| Formato: | Electrónico Revista |
| Lenguaje: | inglés |
| Publicado: |
Aldershot, Hampshire :
Gower
Aldershot : Ashgate Edinburgh : Manchester University Press London : Sage Publications |
| Materias: | |
| Acceso en línea: | Full text available from Research Library: 04/01/2009 to 04/30/2014 |
MARC
| LEADER | 00000nas a2200000 a 4500 | ||
|---|---|---|---|
| 001 | ssj0000389728 | ||
| 003 | WaSeSS | ||
| 005 | 20200512172242.0 | ||
| 006 | m d | ||
| 007 | cr n | ||
| 008 | 891110c19899999enktr p s 0 a0eng c | ||
| 010 | |a sn 90024146 | ||
| 016 | |a (AMICUS)000008882045 | ||
| 022 | |l 0955-7490 |y 0955-7490 | ||
| 030 | |a ALEXE2 | ||
| 035 | |a (WaSeSS)ssj0000389728 | ||
| 037 | |b Subscription Dept., Ashgate Publishing Ltd, Gower House, Croft Rd., Aldershot, Hampshire, GU11 3HR, UK | ||
| 040 | |a CUS |b eng |c CUS |d HUL |d NST |d NSD |d NST |d ELM |d CAS |d NST |d CLU |d SYS |d B2Q |d DLC |d OCLCQ |d DIBAM |d NLGGC |d NYDWH |d EBZ |d HLS |d OCLCQ |d HLS |d OCLCF |d BEDGE |d OCLCO |d DLC |d CGU |d CUS |d NLC |d OCLCQ |d OL$ |d WaSeSS | ||
| 042 | |a pcc |a nsdp | ||
| 050 | 0 | 0 | |a Z671 |b .A684 |
| 210 | 0 | |a Alexandria |b (Aldershot) | |
| 222 | 0 | |a Alexandria |b (Aldershot) | |
| 245 | 0 | 0 | |a Alexandria |h [electronic resource]. |
| 260 | |3 1989- : |a Aldershot, Hampshire : |b Gower | ||
| 260 | 2 | |3 <2008-> : |a Aldershot : |b Ashgate | |
| 260 | 2 | |3 <2011-2015> : |a Edinburgh : |b Manchester University Press | |
| 260 | 3 | |3 2015- : |a London : |b Sage Publications | |
| 310 | |a Three times a year | ||
| 362 | 0 | |a Vol. 1, no. 1 (May 1989)- | |
| 500 | |a Title from cover. | ||
| 500 | |a Imprint varies. | ||
| 500 | |a "The journal of national and international library & information issues." | ||
| 506 | |a License restrictions may limit access. | ||
| 550 | |a Issued by: British Library. | ||
| 588 | |a Latest issue consulted: Vol. 22, no. 1 (2011). | ||
| 650 | 0 | |a Library science |v Periodicals. | |
| 650 | 7 | |a CIENCIAS DE LA INFORMACION |v PUBLICACIONES PERIODICAS. |2 renib | |
| 650 | 1 | 7 | |a Bibliotheekwetenschap. |2 gtt |
| 650 | 1 | 7 | |a Informatiewetenschap. |2 gtt |
| 650 | 7 | |a LIBRARY SCIENCE. |2 unbist | |
| 650 | 7 | |a INFORMATION SERVICES. |2 unbist | |
| 650 | 7 | |a NATIONAL LIBRARIES. |2 unbist | |
| 650 | 7 | |a Library science. |2 fast |0 (OCoLC)fst00997916 | |
| 650 | 7 | |a Bibliothéconomie. |2 eclas | |
| 650 | 7 | |a Publications périodiques. |2 eclas | |
| 650 | 6 | |a Bibliothéconomie |v Périodiques. | |
| 655 | 0 | |a Electronic journals. | |
| 710 | 2 | |a British Library. | |
| 850 | |a CLU |a CU-S |a DLC |a DNGA |a IaU |a MH |a MiU |a NN | ||
| 853 | 0 | 0 | |8 1 |a v. |b no. |i (year) |j (month) |
| 856 | 4 | 0 | |z Full text available from Research Library: 04/01/2009 to 04/30/2014 |u https://search.proquest.com/publication/60367 |
| 863 | 4 | 0 | |8 1 |a <1>- |i <1989>- |x provisional |